[Event "JBLN Ost 0102"]
[Site "Germany"]
[Date "2001.11.17"]
[Round "?"]
[White "Koeppe, Fabian"]
[Black "Schulz, Olaf"]
[Result "1-0"]
[WhiteElo "1669"]
[BlackElo "1612"]
[PlyCount "37"]
[EventDate "2002.10.??"]
[EventType "team"]
[EventRounds "9"]
[EventCountry "GER"]
[SourceTitle "EXT 2005"]
[Source "ChessBase"]
[SourceDate "2004.11.15"]
[SourceVersion "1"]
[SourceVersionDate "2004.11.15"]
[SourceQuality "1"]

1. c4 c5 2. Nc3 Nc6 3. g3 g6 4. Bg2 Bg7 5. e3 e6 6. Nge2 Nge7 7. 0-0 0-0 8. d4 Nf5 9. dxc5 Qa5 10. Ne4 Ne5 11. Bd2 Qa6 12. b3 Ne7 13. Bc3 f6 14. Nd4 Rb8 15. Nb5 Kh8 16. Ned6 b6 17. Nc7 Qa3 18. Ndb5 Qxc5 19. Bd4 1-0

[Event "JBLN Ost 0001"]
[Site "Germany"]
[Date "2001.05.13"]
[Round "?"]
[White "Freyberg, Dominic"]
[Black "Koeppe, Fabian"]
[Result "1-0"]
[WhiteElo "1959"]
[BlackElo "1417"]
[PlyCount "27"]
[EventDate "2000.??.??"]
[EventType "team"]
[EventRounds "9"]
[EventCountry "GER"]
[SourceTitle "EXT 2003"]
[Source "ChessBase"]
[SourceDate "2002.11.25"]
[SourceVersion "1"]
[SourceVersionDate "2002.11.25"]
[SourceQuality "1"]

1. e4 d5 2. d4 c6 3. e5 e6 4. Nf3 c5 5. c3 Nc6 6. Bd3 cxd4 7. cxd4 Bb4+ 8. Nc3 Nge7 9. 0-0 0-0 10. Bxh7+ Kxh7 11. Ng5+ Kg6 12. Qg4 f5 13. Qg3 Qe8 14. Ne2 1-0

[Event "JBLN Ost 0001"]
[Site "Germany"]
[Date "2001.01.14"]
[Round "?"]
[White "Linke, Dirk"]
[Black "Koeppe, Fabian"]
[Result "1/2-1/2"]
[WhiteElo "1668"]
[BlackElo "1417"]
[PlyCount "163"]
[EventDate "2000.??.??"]
[EventType "team"]
[EventRounds "9"]
[EventCountry "GER"]
[SourceTitle "EXT 2003"]
[Source "ChessBase"]
[SourceDate "2002.11.25"]
[SourceVersion "1"]
[SourceVersionDate "2002.11.25"]
[SourceQuality "1"]

1. d4 d5 2. c4 e6 3. Nc3 Nf6 4. Bg5 Be7 5. Nf3 0-0 6. e3 Nbd7 7. Rc1 a6 8. a4 c6 9. Qb3 dxc4 10. Bxc4 Nb6 11. Qa2 Nbd5 12. Bd3 Nxc3 13. Rxc3 Nd5 14. Bxe7 Qxe7 15. Rc5 Ra7 16. 0-0 Qc7 17. a5 Rd8 18. Rfc1 Nf6 19. Qa4 Bd7 20. Qc2 h6 21. h3 Be8 22. Qc3 Rd5 23. Bb1 Ra8 24. Ne5 Rxc5 25. Qxc5 Rd8 26. Ba2 Ne4 27. Qb4 Nf6 28. Bc4 Nd5 29. Qc5 Nf6 30. Ra1 Ne4 31. Qa7 Qb8 32. Qb6 Nd6 33. Bd3 Nb5 34. Be4 Qc7 35. Qc5 Nd6 36. Bf3 f6 37. Nc4 Nxc4 38. Qxc4 Bf7 39. Qc5 Re8 40. Rc1 Qb8 41. Qb6 Qc8 42. Qb4 Qd7 43. Qc5 e5 44. Rd1 e4 45. Be2 Bd5 46. Rc1 g5 47. Bc4 Rd8 48. Rc3 Kf7 49. Qa7 Bxc4 50. Rxc4 Qe7 51. Qb6 f5 52. Qb3 Kg7 53. Rb4 Rd7 54. Qc3 Kg6 55. Qc4 Qf7 56. Kf1 Qxc4+ 57. Rxc4 Rd5 58. b4 Kf6 59. Ke2 Ke6 60. Kd2 Rb5 61. Kc3 h5 62. Kb3 Rd5 63. f3 Rb5 64. Rc1 exf3 65. gxf3 Kf6 66. Rg1 Rd5 67. Kc4 Rb5 68. e4 fxe4 69. fxe4 Ke6 70. Rg2 g4 71. hxg4 Rg5 72. d5+ cxd5+ 73. exd5+ Kd6 74. Rh2 Rxg4+ 75. Kc3 h4 76. Rf2 Kxd5 77. Rf7 Kc6 78. Rf6+ Kc7 79. Rf7+ Kb8 80. Rh7 Rg3+ 81. Kd4 h3 82. Kc5 1/2-1/2

[Event "JBLN Ost 0001"]
[Site "Germany"]
[Date "2000.11.04"]
[Round "?"]
[White "Kasper, Andreas"]
[Black "Koeppe, Fabian"]
[Result "1-0"]
[WhiteElo "1651"]
[BlackElo "1417"]
[PlyCount "73"]
[EventDate "2000.??.??"]
[EventType "team"]
[EventRounds "9"]
[EventCountry "GER"]
[SourceTitle "EXT 2003"]
[Source "ChessBase"]
[SourceDate "2002.11.25"]
[SourceVersion "1"]
[SourceVersionDate "2002.11.25"]
[SourceQuality "1"]

1. Nf3 d5 2. c4 e6 3. g3 Nf6 4. b3 Be7 5. Bg2 c5 6. cxd5 exd5 7. d4 Nc6 8. Nc3 0-0 9. 0-0 a6 10. Bb2 Be6 11. Rc1 Rc8 12. dxc5 Bxc5 13. Na4 Ba7 14. Nc5 Bxc5 15. Rxc5 Ne4 16. Rc1 Qd7 17. Nd4 Nxd4 18. Qxd4 Nf6 19. Rfd1 h6 20. Rxc8 Rxc8 21. Qf4 Ne8 22. e4 Nc7 23. exd5 Nxd5 24. Bxd5 f6 25. Bxe6+ Qxe6 26. Qd6 Qe2 27. Qd5+ Kh8 28. Rd2 Qe1+ 29. Kg2 Qe7 30. Qd7 Qc5 31. Qxb7 Rc7 32. Qxa6 Ra7 33. Rd8+ Kh7 34. Qd3+ f5 35. Rd5 Qc6 36. Qxf5+ Kg8 37. Kg1 1-0